00593cam a22001931a 4500001000800000005001700008008004100025040002900066082002200095100002800117245006000145250002600205260002200231300001700253650001600270942000600286952009400292999001300386941613820240212002128.0741010s1959 ii ac b 000 0 eng  aDLCcVtUdOCoLCdWUdDLC 222a307.72.bLAX.1 aGowda, Laxmi Devi Male.10aWhither rural India? /cWith a foreword by K.M. Munshi. a[2d ed., rev. & enl.] aBangalore,c1959. axv, 526 p. : 0aAgriculture cL 001040708LaWERCLbWERCLd2024-02-12l0o307.72. LAX.p3191r2024-02-12w2024-02-12yL c366d366